000 00593nam a22002177a 4500
003 KOHA_MİRAKIL
005 20260324111205.0
008 260324b tu ||||| |||| 00| 0 tur d
020 _a9756288345
040 _aTR-AnABB
_btur
_cTR-AnABB
041 _atur
082 _a808.882
_bOZD 2005
100 1 _aÖzden, Yekta Güngör
245 1 0 _aÖzgün sözler /
_cYekta Güngör Özden
250 _a4. basım
260 _aAnkara :
_bİleri Yayınları,
_c2005
300 _a121 sayfa ;
_c20 cm
500 _aYazar imzalı
650 0 4 _aÖzlü sözler
942 _2ddc
_cBK
999 _c10003
_d10003
900 _bCan ÇELIK